000 00985nam a2200265 a 4500
001 000159065
003 AM-YeHGA
005 20250617123231.0
008 981025s1977 ru |||||||||||||||||rus|d
040 _aAM-YeHGA
041 1 _arus
_heng
100 1 _aПоннамперума, С.
245 1 0 _aПроисхождение жизни :
_bПер. с англ. /
_cС. Поннамперума; Пер. И.Ю. Кривцовой и В.А. Отрощенко; Под ред. Г.А. Деборина.
246 1 5 _aThe Origins of Life
260 _aМосква :
_bМир,
_c1977.
300 _a175 с. :
_bил. ;
_c20 см.
440 0 _aВ мире науки и техники
650 1 4 _aОбщая биология
650 1 4 _aПроисхождение жизни
700 1 _aКривцова, И.Ю.
_eпер.
_4trl
700 1 _aОтрощенко, В.А.
_eпер.
_4trl
700 1 _aДеборин, Г.А.
_eред.
_4edt
942 _2udc
_cBK
090 _c55199
999 _c54349
_d54349